01703nam a22002657a 4500003001700000005001700017008004100034020001800075040000700093041001200100082001900112100002500131245006300156250000600219260002700225300003400252365006200286520079900348650005001147700002501197700002901222942001201251999001901263952015501282St Aloysius Coll20250822144807.0250819b |||||||| |||| 00| 0 eng d a9789354244773 cAL aEnglish a658.0072bBOUR aRoger Bougie9236580 aResearch methods for businessb: a skill building approach a8 aNew DelhibWileyc2024 axxxiii, 588p.bPBc25x20.5cm. 2Generala2646b₹687.00c₹d₹859.00e20%f08/08/2025 aResearch Methods for Business, 8ed, An Indian Adaptation: A Skill-Building Approach Research Methods for Business explains the principles and practices of using a systematic, organized method for solving problematic issues in business organizations. Designed to help students view research from the perspective of management, this popular textbook guides students through the entire business research process. Organized into six main themes—Introduction, Defining the Management and the Research Problem, Theory, Collecting Information, Drawing Conclusions, and Writing and Presenting the Research Report—the text enables students to develop the skills and knowledge required to successfully create, conduct, and analyse a research project. About the Author: Roger Bougie, Uma Sekaran, Mala 2Business Research MethodsaManagement9236581 aSekaran, Uma9236582 aSrivastava, Mala9236583 2ddccBK c240359d240359 00102ddc40708MCOMFAaSACPGbSACPGd2025-08-14eBiblios Book Pointg687.00l0o658.0072 BOURpPG025083r2025-08-19 18:09:01v859.00w0000-00-00yBK